000 01195nam a2200289 a 4500
001 000005426
005 20251112114425.0
008 090819s1997 000 spa d
020 _a8400076494
040 _aDO-SdBNP
_bspa
_cBNPHU
082 _a970.1
_cA958
100 1 _aÁvila, Carlos Lázaro
_915401
245 4 _aLas fronteras de América y los "Flandes Indianos".
260 _aMadrid :
_bCosejo Superior de Invesitigacines Ciemtíficas Centro de Estudios, Históricos, Departamento de hitoria de América,
_c1997.
300 _a127 p. ;
_c24 cm.
490 _aColección tierra nueva e cielo nuevo ;
_vno. 35
500 _aIncluye bibliografía (p. [129]-135)
504 _aIncluye notas y referncias bibliográficas al pie de las páginas.
650 4 _aLímites
_915402
650 4 _aIndios
_zAmérica Del Norte
_xHistória
_915403
650 4 _aIndios
_zAmérica Del Sur
_xHistória
_915404
650 4 _aIndios
_zAmérica Del Norte
_xCodiciones sociales
_915405
650 0 _aINDIOS
_zAMÉRICA DEL SUR
_xCONDICIONES SOCIALES
_915406
710 2 _aDepartamento de hitoria de América1997
_915407
830 0 _aColección tierra nueva e cielo nuevo ;
_vno. 35
_915408
049 _aBNPD
999 _c5226
_d5226